Závery zo záverečnej oponentúry projektu KEGA

Informácia o cieľoch a záveroch realizovaného projektu KEGA č. 450/06.

Guardado en:
Detalles Bibliográficos
Autor principal: Meluchová, Jitka, 1965-
Formato: Capítulo de libro
Lenguaje:eslovaco
Materias:
Etiquetas: Agregar Etiqueta
Sin Etiquetas, Sea el primero en etiquetar este registro!

MARC

LEADER 00000naa$a2200000$$$4500
001 0097893
005 20240514133846.4
041 0 |a slo 
044 |a SK 
245 1 0 |a Závery zo záverečnej oponentúry projektu KEGA  |c Jitka Meluchová 
520 |a Informácia o cieľoch a záveroch realizovaného projektu KEGA č. 450/06. 
610 2 0 |a účtovníctvo 
610 2 0 |a školy vysoké 
610 2 0 |a vzdelávanie 
610 2 0 |a poisťovníctvo 
610 2 0 |a projekty 
100 1 |a Meluchová, Jitka, 1965-